00483nam a2200157 a 450000100060000000300090000600800410001502000150005604000280007108200160009910000210011524500450013626000340018130000060021550001040022113564CO-ViMGA141112s2004 ck r 000 u spa d a8430603417 aCO-ViMGAbspacCO-ViMGA04a149.7 H113t1 aHabermas, Jurgen10aTeoria de la accion comunicativa, I y II aMadrid : bSantillana, c1999 a2 aV.1 : Racionalidad de la accion y racionalizacion social. V.2 : Critica dela razon funcionalista.